Harry Potter by First 3 Letters Quiz Stats

Quiz Updated Jan 1, 2015

Challenge
Share
Tweet
Embed
Score 0/200 Timer 07:00
4 Plays Today
Character % Correct
Harry Potter
99.2%
Ron Weasley
98.2%
Albus Dumbledore
96.3%
Hermione Granger
95.6%
Fred Weasley
94.7%
George Weasley
94.6%
Ginny Weasley
94.6%
Molly Weasley
93.1%
Bill Weasley
92.8%
Arthur Weasley
92.4%
Percy Weasley
92.4%
Charlie Weasley
92.4%
Albus Severus Potter
90.1%
James Potter
90.1%
James Sirius Potter
90.1%
Lily Potter
89.6%
Draco Malfoy
89.5%
Professor Snape
88%
Lucius Malfoy
87.7%
Aberforth Dumbledore
87.6%
Sirius Black
87.1%
Narcissa Malfoy
85.9%
Voldemort
85.9%
Ariana Dumbledore
83.9%
Kendra Dumbledore
82.6%
Professor McGonagall
82.4%
Madam Malkin
81.2%
Rubeus Hagrid
81.1%
Petunia Dursley
80.6%
Remus Lupin
77.9%
Regulus Black
77.2%
Blaise Zabini
77.1%
Neville Longbottom
77%
Bellatrix Lestrange
76.1%
Marge Dursley
75.5%
Phineas Nigellus Black
75.3%
Mrs. Black
75.2%
Tom Riddle Sr.
74.4%
Professor Flitwick
73.7%
Gregory Goyle
73.3%
Dudley Dursley
73.3%
Marcus Flint
72.9%
Ronan
72.8%
Vernon Dursley
72.8%
Marcus Belby
72.5%
Wormtail
72.5%
Luna Lovegood
71.8%
Barty Crouch Sr.
71.7%
Barty Crouch Jr.
71.7%
Cho Chang
69.1%
Fleur Delacour
69%
Dobby
68.8%
Grawp
68.5%
Katie Bell
67.1%
Nymphadora Tonks
67%
Seamus Finnigan
65.6%
Alastor Moody
65.6%
Vincent Crabbe
64.9%
Ted Tonks
64.8%
Griselda Marchbanks
64.5%
Dolores Umbridge
64.3%
Cedric Diggory
64.3%
Parvati Patil
63.8%
Crookshanks
63.7%
Augusta Longbottom
63.6%
Professor Sprout
63%
Xenophilius Lovegood
62.4%
Character % Correct
Dean Thomas
61.6%
Padma Patil
61.5%
Viktor Krum
60.7%
Cornelius Fudge
60.7%
Hedwig
59.6%
Professor Trelawney
57.9%
Marvolo Gaunt
57%
Fenrir Greyback
55.9%
Professor Quirrell
55.8%
Amos Diggory
55%
Trevor
54.8%
Dedalus Diggle
54.2%
Mundungus Fletcher
54.2%
Gilderoy Lockhart
54.1%
Argus Filch
54%
Gabrielle Delacour
53.6%
Rowena Ravenclaw
53.3%
Helga Hufflepuff
53.1%
Nearly Headless Nick
52.8%
Salazar Slytherin
52.7%
Albert Runcorn
52.7%
Oliver Wood
52.2%
Angelina Johnson
51.9%
Kreacher
51.7%
Tom
51.5%
Gregorovitch
50.9%
Gellert Grindelwald
50.7%
Godric Gryffindor
50.7%
Arabella Figg
50.7%
Mary Cattermole
50.5%
Bloody Baron
49.7%
Colin Creevey
49.5%
Lavender Brown
49.5%
Griphook
49.2%
Pansy Parkinson
48%
Kingsley Shacklebolt
47.5%
Nicolas Flamel
47%
Caractacus Burke
46.9%
Justin Finch-Fletchley
46.9%
Marietta Edgecombe
46.5%
Professor Slughorn
45.9%
Alecto Carrow
45.5%
Dennis Creevey
45.4%
Mrs. Norris
44.5%
Amycus Carrow
44.4%
Norbert
44.3%
Bathilda Bagshot
44%
Aragog
43.5%
Fluffy
43%
Dirk Cresswell
42.9%
Winky
42.9%
Madam Pomfrey
42.4%
Fang
42.3%
Ernie Macmillan
41.9%
Igor Karkaroff
41.1%
Morfin Gaunt
41%
Merope Gaunt
40.6%
Ludo Bagman
40.3%
Alicia Spinnet
39.7%
Firenze
38.5%
Buckbeak
38%
Rufus Scrimgeour
37.7%
Michael Corner
37.7%
Cormac McLaggen
37.4%
Dawlish
35.3%
Amelia Bones
35.3%
Hannah Abbott
35%
Character % Correct
Fat Lady
35%
Antonin Dolohov
35%
Mr. Ollivander
35%
Broderick Bode
34.8%
Karkus
34.5%
Lee Jordan
34.3%
Reg Cattermole
33.9%
Madame Maxime
33.6%
Nagini
33.5%
Madam Hooch
33.4%
Moaning Myrtle
33.3%
Rita Skeeter
32.7%
Zacharias Smith
32.6%
Scabior
31.9%
Peeves
31.7%
Bane
31.2%
Hepzibah Smith
31.1%
Professor Binns
30.9%
Walden Macnair
30.7%
Ernie Prang
30.5%
Professor Grubbly-Plank
29.8%
Pigwidgeon
29.2%
Bertha Jorkins
28.3%
Stan Shunpike
28.2%
Madam Rosmerta
27.7%
Errol
26.1%
Yaxley
26.1%
Mrs. Cole
24.5%
Hokey
23.3%
Millicent Bulstrode
23.1%
Madam Pince
23%
Frank Bryce
22.6%
Hestia Jones
22.3%
Romilda Vane
22.1%
Fawkes
21.1%
Pius Thicknesse
20.7%
Terry Boot
20.6%
Piers Polkiss
20.5%
Augustus Rookwood
19.9%
Demelza Robins
19.7%
Mr. Borgin
19.7%
Magorian
19.3%
Mafalda Hopkirk
18.6%
Elphias Doge
18.4%
Moran
17.1%
Armando Dippet
17.1%
Travers
17.1%
Wilkie Twycross
16.6%
Montague
16.2%
Sir Cadogan
15.8%
Mr. Roberts
15.5%
Roger Davies
15.1%
Avery
14.9%
Jimmy Peakes
13.3%
Troy
13.3%
Bob Ogden
13.3%
Aidan Lynch
12%
Adrian Pucey
11.8%
Leanne
11.7%
Warrington
11.6%
Hassan Mostafa
11.6%
Sturgis Podmore
11.5%
Bogrod
11.4%
Beedle the Bard
10.5%
Aunt Muriel
9.8%
Professor Tofty
9.3%

You're not logged in!

Compare scores with friends on all Sporcle quizzes.
Sign Up with Email
OR
Log In

You Might Also Like...

Show Comments

Extras

Top Quizzes Today


Score Distribution

Your Account Isn't Verified!

In order to create a playlist on Sporcle, you need to verify the email address you used during registration. Go to your Sporcle Settings to finish the process.